Southville International School and Colleges
Your cart is empty.
  • Cart
  • Lists
    Public lists Eva Luna New books Lux_list list_1
    Your lists Log in to create your own lists
  • Log in to your account
  • Your cookies
  • Search history
Southville International School and Colleges
  • Advanced search
  • Recent comments
  • Most popular
  • Libraries

Log in to your account

Log in with GOOGLE


If you do not have an external account, but do have a local account, you can still log in:

  1. Home
  2. MARC view: Macro Economics Simplified /
Normal view MARC view ISBD view

Macro Economics Simplified / (Record no. 305445)

[ view plain ]
MARC details
000 -LEADER
fixed length control field 00714nam a2200253Ia 4500
008 - FIXED-LENGTH DATA ELEMENTS--GENERAL INFORMATION
fixed length control field 170203s9999 xx 000 0 und d
020 ## - INTERNATIONAL STANDARD BOOK NUMBER
International Standard Book Number 9710871331
050 ## - LIBRARY OF CONGRESS CALL NUMBER
Classification number 393.3
050 ## - LIBRARY OF CONGRESS CALL NUMBER
Item number .V813m 2011
100 ## - MAIN ENTRY--PERSONAL NAME
Personal name Viray, Edilberto Jr.
245 ## - TITLE STATEMENT
Title Macro Economics Simplified /
245 ## - TITLE STATEMENT
Statement of responsibility, etc Viray, Marcelino, Malveda, Avila- Bato.
260 ## - PUBLICATION, DISTRIBUTION, ETC. (IMPRINT)
Place of publication, distribution, etc Mandaluyong City :
260 ## - PUBLICATION, DISTRIBUTION, ETC. (IMPRINT)
Name of publisher, distributor, etc National Book Store.
260 ## - PUBLICATION, DISTRIBUTION, ETC. (IMPRINT)
Date of publication, distribution, etc 2011
300 ## - PHYSICAL DESCRIPTION
Extent 261 pages :
300 ## - PHYSICAL DESCRIPTION
Other physical details illustrations ;
300 ## - PHYSICAL DESCRIPTION
Dimensions 26 cm.
650 ## - SUBJECT ADDED ENTRY--TOPICAL TERM
Topical term or geographic name as entry element Macro Economics.
650 ## - SUBJECT ADDED ENTRY--TOPICAL TERM
General subdivision Economics.
700 ## - ADDED ENTRY--PERSONAL NAME
Personal name Avila-Bato, Ma. Jesusa, author.
700 ## - ADDED ENTRY--PERSONAL NAME
Personal name Malveda, Lucky Raymundo M., author.
700 ## - ADDED ENTRY--PERSONAL NAME
Personal name Marcelino, Ramon Benedicto, author.

No items available.

Macro Economics Simplified /

APA

Viray E. J., Avila-Bato M. J. a., Malveda L. R. M. a. & Marcelino R. B. a.Macro Economics Simplified. Mandaluyong City: .

Chicago

Viray Edilberto Jr, Avila-Bato Ma Jesusa author, Malveda Lucky Raymundo M author and Marcelino Ramon Benedicto author.Macro Economics Simplified. Mandaluyong City: .

Harvard

Viray E. J., Avila-Bato M. J. a., Malveda L. R. M. a. and Marcelino R. B. a.Macro Economics Simplified. Mandaluyong City: .

MLA

Viray Edilberto Jr, Avila-Bato Ma Jesusa author, Malveda Lucky Raymundo M author and Marcelino Ramon Benedicto author.Mandaluyong City: . .

  • Print
  • Cite
  • Add to your cart (remove)
  • Save record
    BIBTEX Dublin Core MARCXML MARC (non-Unicode/MARC-8) MARC (Unicode/UTF-8) MARC (Unicode/UTF-8, Standard) MODS (XML) RIS
  • More searches
    Search for this title in:
    Other Libraries (WorldCat) Other Databases (Google Scholar) Online Stores (Bookfinder.com) Open Library (openlibrary.org)

Exporting to Dublin Core...

SOUTHVILLE LIBRARY

Southville International School and Colleges Library

1281 Tropical Ave. Cor. Luxembourg St., BF Homes International, Las Pinas City

Tel. No. 8256374 / 252358 Loc. 117/146

Powered by Koha